000
00249nam a2200109Ia 4500
008
230312s9999||||xx |||||||||||||| ||und||
082
_a
759.914
_b
ASL-T
100
_a
Aslet;Clive
245
4
_a
The age of empire
650
_a
Architecture
942
_c
BK
999
_c
14536
_d
14536